Исследование распадающейся плазмы ВЧ разряда в азоте и воздухе; V-ая Всесоюзная конференция по физике низкотемпературной плазмы; Ч. 2

Detaylı Bibliyografya
Parent link:V-ая Всесоюзная конференция по физике низкотемпературной плазмы: тезисы докладов.— , 1975
Ч. 2.— 1979.— С. 511
Yazar: Тихомиров И. А. Иван Арсентьевич
Diğer Yazarlar: Шишковский В. И.
Özet:В фонде НТБ ТПУ отсутствует
Dil:Rusça
Baskı/Yayın Bilgisi: 1979
Konular:
Materyal Türü: MixedMaterials Kitap Bölümü
KOHA link:https://koha.lib.tpu.ru/cgi-bin/koha/opac-detail.pl?biblionumber=599456

MARC

LEADER 00000naa0a2200000 4500
001 599456
005 20250414131613.0
035 |a (RuTPU)RU\TPU\tpu\23521 
035 |a RU\TPU\tpu\23517 
090 |a 599456 
100 |a 20130821d1979 k y0rusy50 ca 
101 0 |a rus 
102 |a RU 
200 1 |a Исследование распадающейся плазмы ВЧ разряда в азоте и воздухе  |f И. А. Тихомиров, В. И. Шишковский 
333 |a В фонде НТБ ТПУ отсутствует 
461 |t V-ая Всесоюзная конференция по физике низкотемпературной плазмы  |o тезисы докладов  |d 1975 
463 |t Ч. 2  |v С. 511  |d 1979 
610 1 |a труды учёных ТПУ 
700 1 |a Тихомиров  |b И. А.  |c российский физик  |c доктор физико-математических наук, профессор Томского политехнического университета  |f 1921-2010  |g Иван Арсентьевич  |3 (RuTPU)RU\TPU\pers\18334 
701 1 |a Шишковский  |b В. И. 
801 1 |a RU  |b 63413507  |c 20100128 
801 2 |a RU  |b 63413507  |c 20130821  |g RCR 
850 |a 63413507 
942 |c BK